书目信息 |
| 题名: |
水文生态学与生态水文学
|
|
| 作者: | 伍德 , 汉纳 , 萨德勒 , Paul J. Wood , David M. Hannah , Jonathan P. Sadler 著 ;王浩 译 | |
| 分册: | ||
| 出版信息: | 北京 中国水利水电出版社 2009.12 |
|
| 页数: | 333页 | |
| 开本: | 26cm | |
| 丛书名: | ||
| 单 册: | ||
| 中图分类: | X143 | |
| 科图分类: | ||
| 主题词: | 水环境--生态平衡--研究 , 水环境 , 生态平衡 | |
| 电子资源: | ||
| ISBN: | 978-7-5084-6503-6 | |
| 000 | 01478nam0 2200349 450 | |
| 001 | 1150882631 | |
| 005 | 20111219140839.53 | |
| 010 | @a978-7-5084-6503-6@dCNY39.00 | |
| 090 | @aX14@bwd | |
| 096 | @aX14@bwoo | |
| 100 | @a20100113d2009 em y0chiy50 ea | |
| 101 | 1 | @achi@ceng |
| 102 | @aCN@b110000 | |
| 105 | @aa z 000yy | |
| 200 | 1 | @a水文生态学与生态水文学@b专著@e过去、现在和未来@dHydroecology and ecohydrology@epast , present and future@f(英)Paul J. Wood,(英)David M. Hannah,(英)Jonathan P. Sadler著@F(ying)Paul J.Wood,(ying)David M.Hannah,(ying)Jonathan P.Sadler zhu@g王浩等译@zeng@9shui wen sheng tai xue yu sheng tai shui wen xue |
| 210 | @a北京@c中国水利水电出版社@d2009.12 | |
| 215 | @a333页@c图@d26cm | |
| 330 | @a本书较为系统地总结了生态水文学相关研究领域的最新研究进展,详细阐述了各领域的最新研究方法,对我国开展生态水文学研究具有较为重要的参考意义。 | |
| 510 | 1 | @aHydroecology and ecohydrology@epast , present and future@zeng |
| 606 | 0 | @a水环境@x生态平衡@x研究 |
| 606 | 0 | @a水环境 |
| 606 | 0 | @a生态平衡 |
| 690 | @aX143@v4 | |
| 701 | 0 | @c(英)@a伍德@c(Wood, Paul J.)@4著@9wu de |
| 701 | 0 | @c(英)@a汉纳@c(Hannah, David M.)@4著@9han na |
| 701 | 0 | @c(英)@a萨德勒@c(Sadler, Jonathan P.)@4著@9sa de le |
| 701 | 0 | @aPaul J. Wood@4著 |
| 701 | 0 | @aDavid M. Hannah@4著 |
| 701 | 0 | @aJonathan P. Sadler@4著 |
| 702 | 0 | @a王浩@f(1953.8~)@4译@9wang hao |
| 801 | 0 | @aCN@b大连网信软件有限公司图书馆·11@c20111219 |
| 905 | @aZUCC@dX143@eW935 | |
| 水文生态学与生态水文学:过去、现在和未来=Hydroecology and ecohydrology:past , present and future/(英)Paul J. Wood,(英)David M. Hannah,(英)Jonathan P. Sadler著/王浩等译.-北京:中国水利水电出版社,2009.12 |
| 333页:图;26cm |
| ISBN 978-7-5084-6503-6:CNY39.00 |
| 本书较为系统地总结了生态水文学相关研究领域的最新研究进展,详细阐述了各领域的最新研究方法,对我国开展生态水文学研究具有较为重要的参考意义。 |
| ● |
| 相关链接 |
|
|
|
正题名:水文生态学与生态水文学
索取号:X143/W935
 
预约/预借
| 序号 | 登录号 | 条形码 | 馆藏地/架位号 | 状态 | 备注 |
| 1 | 843459 | 208434595 | 自科库501/501自科库 62排5列3层/ [索取号:X143/W935] | 在馆 | |
| 2 | 843460 | 208434602 | 自科二线400A/400A自科库 25排3列3层/ [索取号:X143/W935] | 在馆 | |
| 3 | 843461 | 208434611 | 期刊室512/501自科库 62排5列3层/ [索取号:X143/W935] | 在馆 |